000 00648nam a22002417a 4500
003 UA-OsUOA
001 38060
007 ta
008 20060426b un ||||| |||| 00| 0 ukr d
100 _aБах Р.
090 _a821.111(73)
_bБ30
942 _cBK
040 _aUA-OsUOA
_brus
_cUA-OsUOA
_dUA-OsUOA
245 _aЧайка Джонатан Ливингстон
_bповесть
300 _a159 с.
955 _a3
041 _arus
080 _a821.111(73)
020 _a966-03-2865-6
260 _aХарків
_bФолио
_c2005
650 7 _a82 Література. Літературознавство
_2UDC
999 _c324226
_d324226